Κατάλογος Βιβλιοθηκών Mediterranean College

Research Methods and Statistics in Psychology / Fourth Edition (Record no. 6155)

MARC details
000 -LEADER
fixed length control field 01339cam a22002054a 4500
005 - ΗΜΕΡΟΜΗΝΙΑ ΚΑΙ ΩΡΑ ΤΕΛΕΥΤΑΙΑΣ ΕΝΗΜΕΡΩΣΗΣ
Πεδίο ελέγχου 20250605164234.0
008 - FIXED-LENGTH DATA ELEMENTS--GENERAL INFORMATION
Πεδίο ελέγχου σταθερού μήκους 250528s ||||||||||||||||||||||||d
035 ## - SYSTEM CONTROL NUMBER
System control number 21085
020 ## - ISBN
ISBN 9780340812587
040 ## - ΠΗΓΗ ΚΑΤΑΛΟΓΟΓΡΑΦΗΣΗΣ
Φορέας πρωτότυπης καταλογογράφησης MC Athens Campus Library
Γλώσσα καταλογογράφησης Ελληνικά, Μοντέρνα (1453-)
Modifying agency MC Athens Campus Library
Κανόνες περιγραφικής καταλογογράφησης AACR2
245 1# - ΤΙΤΛΟΣ ΚΑΙ ΔΗΛΩΣΗ ΥΠΕΥΘΥΝΟΤΗΤΑΣ
Τίτλος Research Methods and Statistics in Psychology / Fourth Edition
250 ## - EDITION STATEMENT
Edition statement 4th
260 ## - PUBLICATION, DISTRIBUTION, ETC.
Name of publisher, distributor, etc. Hodder Arnold,
Date of publication, distribution, etc. 2004
300 ## - PHYSICAL DESCRIPTION
Extent 714
520 ## - SUMMARY, ETC.
Summary, etc. This book provides a clear and comprehensive survey of research methods, statistical concepts and procedures in Psychology today. Preface, Psychology and Research, Use of Experimental Designs in Psychology, Observational Methods - Watching and Being with People, Interview Methods - Asking People Direct Questions, Questionnaires - Using Psychological Scales and Tests in Research, Qualitative Approaches - Problems with Positivism, Statistics - Organizing the Data, Significance - Was It a Real Effect?, Testing Differences Between two Samples, Tests for Categorical Variables and Frequency Tables, Correlation - The Association of Measured Variables, Multi-Factorial Analysis, Analyzing Qualitative Data, Ethical Issues in Psychological Research, Planning Your Practical and Writing Up Your Report, Appendix, References, Index.
700 1# - ΠΡΟΣΘΕΤΗ ΑΝΑΓΡΑΦΗ--ΦΥΣΙΚΟ ΠΡΟΣΩΠΟ
Personal name Coolican Hugh
9 (RLIN) 268
942 ## - ADDED ENTRY ELEMENTS (KOHA)
Koha item type Books
Holdings
Τύπος τεκμηρίου Βιβλιοθήκη Τρέχουσα τοποθεσία Barcode Αριθμός εισαγωγής Ημερομηνία απόκτησης Ταξιθετικό σύμβολο Αριθμός αντιτύπου Κατάσταση απόσυρσης Κατάσταση χαμένου Κατάσταση κατεστραμμένου Μη δανεισμός Σύνολο δανεισμών Ημερομηνία τελευταίας εμφάνισης Η τιμή ισχύει από
Books MC Athens Campus Library MC Athens Campus Library 9780000061546 1561 05/06/2025 150.727 COO 1           05/06/2025 05/06/2025

MC Athens Campus Library
Πατησίων 94 & Κοδριγκτώνος 13, 104 34
Πελλήνης 8 & Πατησίων 107, 112 51
Τ: +30 210 8899600

MC Thessaloniki Campus Library
Ίωνος Δραγούμη 21, 54625 | Ίωνος Δραγούμη 15, 54625
Τ: +30 2310 287779 – Τ: +30 2314 440300